000 00622nam a2200277Ia 4500
005 20260324123543.0
008 008 260324s9999 xx 000 0 eng d
020 _a9780429245954
037 _aEBOOK
040 _aCRL
040 _beng
040 _cCRL
041 _2eng
041 _aeng
084 _qCRL
100 _aKam C. Wong
_91069865
245 0 _aPolice Reform in China
260 _bTaylor and Francis
260 _c2011
365 _a
365 _b230
856 _uhttp://www.taylorfrancis.com/books/9780429245954
942 _cEBOOK
999 _c1764381
_d1764381